Jean-Jacques Goldman - En chansons #1 - Statistiques

Statistiques générales
  • Ce quiz a été pris 18 212 fois
    17 790 depuis la dernière actualisation
  • Le résultat moyen est 9 sur 18
Statistiques - réponses
Paroles Chanson % Correct
J'ai trop saigné sur les Gibson / J'ai trop rôdé dans les Tobacco Road Quand la musique est bonne
90%
Minuit se lève en haut des tours / Les voix se taisent et tout devient aveugle et sourd Envole-moi
87%
I can give you a voice, bred with rhythm and soul / The heart of a Welsh boy who's lost his home Je te donne
78%
Elle avait les yeux clairs et la robe en velours / A côté de sa mère et la famille autour Comme toi
62%
C'était dans ces années un peu folles / Où les papas n'étaient plus à la mode Elle a fait un bébé toute seule
58%
Elle met du vieux pain sur son balcon / Pour attirer les moineaux, les pigeons La vie par procuration
57%
Pour oublier ou pour apprendre / Matin pour aimer, maudire ou mépriser / Laisser tomber ou résister Encore un matin
53%
La ville et ses pièges / Ce sont mes privilèges / Je suis riche de ça / Mais ça ne s'achète pas Je marche seul
52%
Ici, tout est joué d'avance / Et l'on n'y peut rien changer / Tout dépend de ta naissance / Et moi je ne suis pas bien né Là-bas
52%
Graver l'écorce / Jusqu'à saigner / Clouer les portes / S'emprisonner Pas toi
50%
Et même si le temps presse / Même s'il est un peu court Au bout de mes rêves
48%
Aurais-je été meilleur ou pire que ces gens / Si j'avais été allemand ? Né en 17 à Leidenstadt
46%
C'était un cordonnier, sans rien d'particulier / Dans un village dont le nom m'a échappé Il changeait la vie
45%
Grande fête au château il y a bien longtemps / Les belles et les beaux, nobliaux, noble sang / De tout le royaume on est venu dansant Tournent les violons
42%
Que les vents te mènent où d'autres âmes plus belles / Sauront t'aimer mieux que nous / Puisque l'on ne peut t'aimer plus Puisque tu pars
32%
Déchirées nos guenilles de vauriens / Les fers à nos chevilles loin bien loin Il suffira d'un signe
30%
On partira de nuit, l'heure où l'on doute / Que demain revienne encore On ira
24%
Un début de janvier, si j'ai bien su compter / Restes de fête ou bien vœux très appuyés / De Ruth ou de Mojze, lequel a eu l'idée ? Bonne idée
18%
Aucun quiz correspondant
Distribution des résultats
% des personnes avec chaque résultat
Percentile par nombre de réponses
Votre historique - résultats
Vous n’avez pas pris ce quiz depuis la dernière actualisation